|
|
|
|
| LEADER |
00962cam a2200265 7i4500 |
| 001 |
0000072470 |
| 005 |
20221109090000.0 |
| 020 |
|
|
|a 9781315619675 (electronic book)
|
| 090 |
0 |
0 |
|a PN1992.5
|b .B54 2023
|
| 100 |
1 |
|
|a Bignell, Jonathan
|
| 245 |
1 |
3 |
|a An introduction to television studies
|c Jonathan Bignell and Faye Woods.
|
| 250 |
|
|
|a Fourth edition.
|
| 264 |
|
|
|a New York:
|b Routledge,
|c 2023.
|
| 300 |
|
|
|a 1 online resource (xiii, 321 pages):
|b illustrations, txet file, PDF.
|
| 336 |
|
|
|a text
|2 rdacontent
|
| 337 |
|
|
|a computer
|2 rdamedia
|
| 338 |
|
|
|a online resource
|2 rdacarrier
|
| 650 |
|
0 |
|a Television
|
| 650 |
|
0 |
|a Television broadcasting
|
| 655 |
|
0 |
|a Electronic books
|
| 700 |
1 |
|
|a Woods, Faye
|
| 856 |
4 |
2 |
|u http://library.unisel.edu.my/web/guest/mylibrary
|
| 997 |
|
|
|a Communication, Visual Art & Computing, Faculty
|b Communication, Department
|
| 998 |
|
|
|a Media & Communication, Diploma
|
| 999 |
|
|
|a EBO0015855
|b EBOOK
|c EBOOK
|e Electronic resources
|